Computer Aided Control System design Using Matrix (Record no. 274098)
[ view plain ]
| 000 -LEADER | |
|---|---|
| fixed length control field | 00241 a2200097 4500 |
| 001 - CONTROL NUMBER | |
| control field | 39025 |
| 090 ## - LOCALLY ASSIGNED LC-TYPE CALL NUMBER (OCLC); LOCAL CALL NUMBER (RLIN) | |
| -- | 24628 |
| -- | 24628 |
| 100 ## - MAIN ENTRY--PERSONAL NAME | |
| Personal name | Shahian |
| 245 ## - TITLE STATEMENT | |
| Title | Computer Aided Control System design Using Matrix |
| 260 ## - PUBLICATION, DISTRIBUTION, ETC. | |
| Place of publication, distribution, etc. | U S A |
| Name of publisher, distributor, etc. | Prentice Hall |
| Date of publication, distribution, etc. | 1992 |
| 942 ## - ADDED ENTRY ELEMENTS (KOHA) | |
| Institution code [OBSOLETE] | NUST-CAE |
| Koha item type | |
| -- | |
| Withdrawn status | Lost status | Damaged status | Not for loan | Collection code | Permanent Location | Current Location | Date acquired | Total Checkouts | Barcode | Date last seen | Price effective from | Koha item type |
|---|---|---|---|---|---|---|---|---|---|---|---|---|
| College of Aeronautical Engineering (CAE) | College of Aeronautical Engineering (CAE) | 04/03/2017 | CAE68448 | 04/05/2017 | 04/05/2017 | Book |
